| 000 | 00398nam a2200145Ia 4500 | ||
|---|---|---|---|
| 008 | 130318s9999 xx 000 0 und d | ||
| 020 | _a470847948 | ||
| 082 | _a005.8 NIE/U | ||
| 100 | _aNiemi, Valtteri | ||
| 245 | _aUniversal mobile telecommunications systems: (UMTS security | ||
| 260 |
_bWiley _aEngland _c2003 |
||
| 300 | _a273 | ||
| 650 | _aTELECOMMUNICATION SECURITY | ||
| 700 | _aNyberg, Kaisa | ||
| 999 |
_c1313 _d1313 |
||